000
00211 a2200097 4500
001
41092
100
_a
245
_a
Vegetable Garden Desplayed
260
_a
London
_b
Simpkin Marshall
_c
090
_c
25322
_d
25322
942
_a
NUST-CAE
_c
M
_c
17028
999
_c
276165
_d
276165